Statistics for Driest States

Click here to take the quiz!

General Stats

  • This quiz has been taken 82 times
  • The average score is 9 of 10

Answer Stats

HintAnswer% Correct
4Arizona
97%
1Nevada
96%
2Utah
90%
5New Mexico
89%
7Colorado
87%
6Montana
81%
8North Dakota
81%
10South Dakota
81%
3Wyoming
81%
9Idaho
79%

Score Distribution

Percentile by Number Answered

Percent of People with Each Score

Your Score History

You have not taken this quiz